<?xml version="1.0" encoding="UTF-8"?>
<record
    xmlns:xsi="http://www.w3.org/2001/XMLSchema-instance"
    xsi:schemaLocation="http://www.loc.gov/MARC21/slim http://www.loc.gov/standards/marcxml/schema/MARC21slim.xsd"
    xmlns="http://www.loc.gov/MARC21/slim">

  <leader>00620nam a22001817a 4500</leader>
  <datafield tag="999" ind1=" " ind2=" ">
    <subfield code="c">7776</subfield>
    <subfield code="d">7776</subfield>
  </datafield>
  <controlfield tag="008">230921b           ||||| |||| 00| 0 eng d</controlfield>
  <datafield tag="020" ind1=" " ind2=" ">
    <subfield code="a">9788419292209</subfield>
  </datafield>
  <datafield tag="040" ind1=" " ind2=" ">
    <subfield code="a">CDMR</subfield>
  </datafield>
  <datafield tag="100" ind1=" " ind2=" ">
    <subfield code="9">4882</subfield>
    <subfield code="a">Cuy&#xE0;s, Emmanuel</subfield>
  </datafield>
  <datafield tag="245" ind1=" " ind2=" ">
    <subfield code="a">El Matar&#xF3; de Cuy&#xE0;s </subfield>
    <subfield code="b">: retrat d'un temps a trav&#xE9;s del seu articulisme / </subfield>
    <subfield code="c">Manuel Cuy&#xE0;s ; a cura de Neus Pinart i Bartol&#xED; ; pr&#xF2;leg de Joan Cat&#xE0;</subfield>
  </datafield>
  <datafield tag="260" ind1=" " ind2=" ">
    <subfield code="a">Cass&#xE0; de la Selva : </subfield>
    <subfield code="b">Gavarres, </subfield>
    <subfield code="c">2023</subfield>
  </datafield>
  <datafield tag="300" ind1=" " ind2=" ">
    <subfield code="a">407 p. </subfield>
  </datafield>
  <datafield tag="490" ind1=" " ind2=" ">
    <subfield code="a">Narratives </subfield>
    <subfield code="v">; 11</subfield>
  </datafield>
  <datafield tag="600" ind1=" " ind2="0">
    <subfield code="9">4881</subfield>
    <subfield code="a">Cuy&#xE0;s, Emmanuel</subfield>
  </datafield>
  <datafield tag="700" ind1=" " ind2=" ">
    <subfield code="9">4883</subfield>
    <subfield code="a">Pinart i Bartol&#xED;, Neus</subfield>
  </datafield>
  <datafield tag="700" ind1=" " ind2=" ">
    <subfield code="9">4884</subfield>
    <subfield code="a">Cat&#xE0;, Joan</subfield>
  </datafield>
  <datafield tag="942" ind1=" " ind2=" ">
    <subfield code="2">udc</subfield>
    <subfield code="c">MON</subfield>
  </datafield>
  <datafield tag="952" ind1=" " ind2=" ">
    <subfield code="0">0</subfield>
    <subfield code="1">0</subfield>
    <subfield code="2">udc</subfield>
    <subfield code="4">0</subfield>
    <subfield code="7">0</subfield>
    <subfield code="a">CDMR</subfield>
    <subfield code="b">CDMR</subfield>
    <subfield code="d">2023-09-21</subfield>
    <subfield code="e">Donaci&#xF3;</subfield>
    <subfield code="g">20.00</subfield>
    <subfield code="l">0</subfield>
    <subfield code="o">Du 6/126</subfield>
    <subfield code="p">CDMR23090011</subfield>
    <subfield code="r">2023-09-21</subfield>
    <subfield code="w">2023-09-21</subfield>
    <subfield code="y">MON</subfield>
  </datafield>
</record>
